Machinist (I st and 2nd Year): Trade Theory with Assignment/ Test-Solved (Record no. 14748)
[ view plain ]
| 000 -LEADER | |
|---|---|
| fixed length control field | 00418nam a22001577a 4500 |
| 020 ## - INTERNATIONAL STANDARD BOOK NUMBER | |
| ISBN | 8173174903 |
| 082 ## - DEWEY DECIMAL CLASSIFICATION NUMBER | |
| Classification number | 670.423 |
| Item number | SET/MA |
| 100 ## - MAIN ENTRY--AUTHOR NAME | |
| Personal name | Sethi G.S |
| 100 ## - MAIN ENTRY--AUTHOR NAME | |
| Personal name | Singh, Balbir |
| 245 ## - TITLE STATEMENT | |
| Title | Machinist (I st and 2nd Year): Trade Theory with Assignment/ Test-Solved |
| 250 ## - EDITION STATEMENT | |
| Edition statement | 1 |
| 260 ## - PUBLICATION, DISTRIBUTION, ETC. (IMPRINT) | |
| Place of publication | New Delhi |
| Name of publisher | Asian Publishers |
| Year of publication | 2005-06 |
| 300 ## - PHYSICAL DESCRIPTION | |
| Number of Pages | 200 |
| 490 ## - SERIES STATEMENT | |
| Series statement | New Pattern Series |
| 942 ## - ADDED ENTRY ELEMENTS (KOHA) | |
| Koha item type | Book Bank scheme for SC students |
| Withdrawn status | Lost status | Damaged status | Collection code | Home library | Current library | Shelving location | Date acquired | Source of acquisition | Cost, normal purchase price | Full call number | Accession Number | Koha item type |
|---|---|---|---|---|---|---|---|---|---|---|---|---|
| KAUAET | KAUAET | Scheme | 29/08/2016 | Calicut Book Daistributors, Calicut. | 196.50 | 670.423 SET/MA | BB 39 | Book Bank scheme for SC students | ||||
| KAUAET | KAUAET | Scheme | 29/08/2016 | Calicut Book Daistributors, Calicut. | 196.50 | 670.423 SET/MA | BB 40 | Book Bank scheme for SC students |
